| 000 | 00479nam a2200181Ia 4500 | ||
|---|---|---|---|
| 005 | 20250923150221.0 | ||
| 008 | 008 250917s9999 xx 000 0 eng d | ||
| 037 | _aTextual | ||
| 040 |
_aDSWL _beng _cDSWL |
||
| 041 |
_aeng _2eng |
||
| 084 | _qDSWL | ||
| 100 |
_aKaldor, M _9843507 |
||
| 245 | 0 |
_aGlobal Civil Society 2006/07 _cby M Kaldor |
|
| 260 |
_aNew Delhi _b Sage Publications India _c2006 |
||
| 300 | _a169 p. | ||
| 942 | _cTEXL | ||
| 999 |
_c1460922 _d1460922 |
||